000 01176nam a2200265 a 4500
001 61435
003 BD-RjUL
005 20211209080950.0
008 170117s1947 ii ||||| |||| 00| 0 ben d
020 _c: IRs 2.50
035 _a(BD-RjUL)61559
040 _aBD-RjUL
_bben
_cBD-RjUL
041 _aben
082 _223
_a923.2094708
_bYEJ 1947
100 _aইয়ারোস্নাভস্কি, ই.
_9183128
245 1 0 _aজোসেফ স্টালিন /
_c ই. ইয়ারোস্নাভস্কি
250 _a১ম সং.
260 _aকলিকাতা :
_bন্যাশনাল বুক এজেন্সী,
_c১৯৪৭
300 _a২৩২ পৃ. :
_bচিত্র ;
_c১৭ সেমি.
600 _aস্টালিন, জোসেফ
_d১৮৭৮-১৯৫৩
_xজীবনী
_zসোভিয়েত ইউনিয়ন
_9183132
600 _aStalin, Joseph
_d1878-1953
_xBioghraphy
_zSoviet Union
_9183133
700 _aগুপ্ত, করুণাকর, অনুবাদ
_9183131
700 _aগুপ্ত, অণুকা, অনুবাদ
_9170712
942 _2ddc
_cBK
999 _c61435
_d61435